000 01203cam a2200301 a 4500
999 _c328872
_d328872
001 1580591
003 Nust
005 20170418132111.0
008 931008s1994 nyua b 001 0 eng
010 _a 93040044
020 _a0070195528
020 _a0070197172 (ERM)
040 _aDLC
_cDLC
_dDLC
_dMoSU-L
_dDLC
050 0 0 _aTD1030
_b.L34 1994
082 0 0 _a363.728760973 LAG
_220
100 1 _aLaGrega, Michael D.
245 1 0 _aHazardous waste management /
_cMichael D. LaGrega, Phillip L. Buckingham, Jeffrey C. Evans.
260 _aNew York :
_bMcGraw-Hill,
_cc1994.
300 _axxxii, 1146 p. :
_bill. ;
_c25 cm.
440 0 _aMcGraw-Hill series in water resources and environmental engineering
500 _aP.B
504 _aIncludes bibliographical references and index.
650 0 _aHazardous wastes
_xManagement.
700 1 _aBuckingham, Phillip L.
700 1 _aEvans, Jeffrey C.
906 _a7
_bcbc
_corignew
_d1
_eocip
_f19
_gy-gencatlg
942 _2ddc
_cBK
_k363.728760973 LAG